01035cam a2200289 i 45000010011000000030004000110050017000150080041000320200030000730400029001030500014001322450165001462500017003112600047003283000048003753360026004233370028004493380027004775040051005046500030005556500026005856500029006116500014006406500021006547000028006757000042007031347185848OSt20250530121045.0221010t20232023moua b 001 0 eng d a9780323789875 (hardcover) aJFGbengerdacJFGdNUST aRB113 MCC10aMcCance & Huether's pathophysiology :bthe biologic basis for disease in adults and children /cedited by Julia L Rogers ; section editor, Valentina L Brashers. a9th EDITION. aSt. Louis, Missouri :bElsevier, c©2023. axxii, 1706 pages :bIllustrations ;c28 cm. atextbtxt2rdacontent aunmediatedbn2rdamedia avolumebnc2rdacarrier aIncludes bibliographical references and index. 2vPhysiology, Pathological. 2vPathologic Processes. 2vPhysiological Phenomena. 2vDiseases. 2vPathophysiology.1 aRogers, Julia LeEditor1 aBrashers, Valentina LeSection editor